| 000 | 00579cas a2200205 a 4500 | ||
|---|---|---|---|
| 022 | 0 | _a1044-9280 | |
| 040 | _cNNSaB | ||
| 082 | 0 | 0 | _a380 WAS 1983 C153 Or. |
| 245 | 0 | 0 | _aEuropean markets / |
| 260 |
_aWashington, D.C. : _bWashington Researchers, _cc1983- |
||
| 300 |
_av. ; _c28 cm. |
||
| 500 | _a"A guide to company and industry information" (varies slightly). | ||
| 650 | 0 | _aIndustries | |
| 650 | 0 | _aIndustries | |
| 650 | 0 | _aCommerce | |
| 650 | 0 | _aExport marketing | |
| 710 | 2 | _aWashington Researchers. | |
| 710 | 2 | _aWashington Researchers Publishing. | |
| 942 | _cAEDBB | ||
| 999 |
_c18888 _d18888 |
||